[Event "15th EUR-ch (w)"]
[Site "Plovdiv BUL"]
[Date "2014.07.07"]
[Round "2.29"]
[White "Milliet, Sophie"]
[Black "Kazimova, Narmin"]
[Result "1/2-1/2"]
[WhiteElo "2406"]
[BlackElo "2180"]
[EventDate "2014.07.06"]
[PlyCount "125"]

1.e4 e5 2.Nf3 Nc6 3.Bc4 Bc5 4.O-O Nf6 5.d3 a6 6.Be3 Ba7 7.Bxa7 Rxa7 8.d4 
exd4 9.Nxd4 O-O 10.Nxc6 dxc6 11.Qxd8 Rxd8 12.Nc3 Ra8 13.Rad1 Re8 14.Rfe1 
b5 15.Bf1 Be6 16.a3 a5 17.f3 Rab8 18.Ne2 c5 19.Nf4 g5 20.e5 gxf4 21.exf6 
h6 22.Re4 c6 23.Rxf4 Rbd8 24.Re1 c4 25.Re5 Kh7 26.a4 Bd5 27.Rh5 Re6 28.b3 
Rdd6 29.bxc4 bxc4 30.Bxc4 Bxc4 31.Rxc4 Rd1+ 32.Kf2 Rd2+ 33.Kg3 Ree2 34.
Rch4 Rxg2+ 35.Kf4 Rd4+ 36.Ke3 Rxh4 37.Rxh4 Rxc2 38.Rg4 Rc3+ 39.Kf2 Ra3 40.
Rg7+ Kh8 41.Rxf7 Rxa4 42.Rc7 Kg8 43.Rxc6 Kf7 44.Ra6 h5 45.Ke3 Rh4 46.Rxa5 
Rxh2 47.Kf4 Kxf6 48.Ra6+ Kf7 49.Kf5 Rb2 50.Ra7+ Kf8 51.Rh7 Rb3 52.f4 Rb6 
53.Rxh5 Rb5+ 54.Kg6 Rxh5 55.Kxh5 Kf7 56.Kg5 Kg7 57.Kf5 Kf7 58.Ke5 Ke7 59.
f5 Kf7 60.f6 Kf8 61.Ke6 Ke8 62.f7+ Kf8 63.Kf6 1/2-1/2

[Event "15th EUR-ch (w)"]
[Site "Plovdiv BUL"]
[Date "2014.07.07"]
[Round "2.30"]
[White "Isgandarova, Khayala"]
[Black "Savina, Anastasia"]
[Result "1/2-1/2"]
[WhiteElo "2184"]
[BlackElo "2383"]
[EventDate "2014.07.06"]
[PlyCount "186"]

1.e4 c5 2.Nc3 Nc6 3.g3 g6 4.d3 Bg7 5.Bg2 d6 6.Be3 e5 7.Nge2 Nge7 8.O-O Be6
9.f4 Nd4 10.Qd2 Qd7 11.Nd1 h5 12.c3 Nxe2+ 13.Qxe2 h4 14.fxe5 hxg3 15.hxg3 
Bxe5 16.Qf2 Bg7 17.Bg5 Rh5 18.Bf6 Bxf6 19.Qxf6 O-O-O 20.Nf2 d5 21.b4 Qc7 
22.Qf4 Qxf4 23.gxf4 cxb4 24.cxb4 Rh4 25.Nd1 dxe4 26.dxe4 Nc6 27.b5 Nd4 28.
Nc3 Bc4 29.Rfc1 Kb8 30.b6 axb6 31.Rab1 b5 32.e5 Rxf4 33.a4 Nf3+ 34.Bxf3 
Rxf3 35.Nxb5 Bxb5 36.Rxb5 Re8 37.a5 Ra3 38.Kf2 Re7 39.Rc2 Ka7 40.Re2 Rh3 
41.Re4 Rh5 42.Kf3 f6 43.exf6 Rxe4 44.Rxh5 Re6 45.Rg5 Rxf6+ 46.Ke4 Rf5 47.
Rxg6 Rxa5 48.Kd4 Ra6 49.Rg5 Rc6 50.Kd5 Ka6 51.Rg1 Rc2 52.Ra1+ Kb6 53.Rb1+ 
Ka7 54.Ra1+ Kb8 55.Ra5 b6 56.Ra4 Kb7 57.Rc4 Rd2+ 58.Ke4 Ka6 59.Ra4+ Kb5 
60.Ra1 Rd6 61.Rb1+ Kc4 62.Rc1+ Kb5 63.Rb1+ Ka6 64.Ra1+ Kb7 65.Rb1 Rd2 66.
Ke3 Rd8 67.Ke4 Rd6 68.Ke5 Rd2 69.Ke4 Rd8 70.Ke3 Kc6 71.Rc1+ Kb7 72.Rb1 Rd6
73.Ke4 Kc6 74.Rc1+ Kb5 75.Rb1+ Kc4 76.Rc1+ Kb4 77.Rb1+ Kc4 78.Rc1+ Kb3 79.
Ke5 Rh6 80.Kd5 b5 81.Rb1+ Ka4 82.Ra1+ Kb4 83.Rb1+ Ka5 84.Ra1+ Kb6 85.Kd4 
Rh3 86.Ra2 Rb3 87.Ra1 Kc6 88.Rc1+ Kb6 89.Ra1 Rg3 90.Ra2 b4 91.Kc4 Rg4+ 92.
Kb3 Kb5 93.Rf2 Rg3+ 1/2-1/2

[Event "15th EUR-ch (w)"]
[Site "Plovdiv BUL"]
[Date "2014.07.07"]
[Round "2.31"]
[White "Guseva, Marina"]
[Black "Avramidou, Anastasia"]
[Result "1-0"]
[WhiteElo "2362"]
[BlackElo "2007"]
[EventDate "2014.07.06"]
[PlyCount "119"]

1.d4 Nf6 2.c4 g6 3.Nf3 Bg7 4.e3 d5 5.cxd5 Nxd5 6.Be2 O-O 7.e4 Nb6 8.O-O 
Bg4 9.Nbd2 Nc6 10.d5 Bxf3 11.Nxf3 Nb8 12.Qb3 c6 13.dxc6 Nxc6 14.Be3 Qd6 
15.Rfd1 Qb4 16.Qxb4 Nxb4 17.Bc5 Nc6 18.Rd2 Na4 19.Ba3 Rfd8 20.Rc2 a6 21.
Rac1 Bh6 22.Rd1 Rxd1+ 23.Bxd1 Nb6 24.Kf1 Nd7 25.Ne1 Nde5 26.g3 b5 27.b3 
Rd8 28.Be2 Nd4 29.Bxe7 Re8 30.Rc7 f5 31.exf5 Nxe2 32.Kxe2 gxf5 33.Kf1 Bd2 
34.Nc2 Ba5 35.Rb7 Ng4 36.h3 Ne5 37.Ne3 Ng6 38.Nxf5 Nxe7 39.Nxe7+ Kh8 40.
Nc6 Bc3 41.Rb8 Rxb8 42.Nxb8 a5 43.Ke2 Kg7 44.f4 a4 45.Na6 Kg6 46.Nc7 axb3 
47.axb3 b4 48.Nd5 Bd4 49.Nxb4 Kf5 50.Kf3 h5 51.g4+ Kg6 52.Ke4 Bc5 53.Nd5 
hxg4 54.hxg4 Bd6 55.b4 Bb8 56.b5 Bd6 57.b6 Kf7 58.Kf5 Bb8 59.b7 Bd6 60.Nb4
1-0

[Event "15th EUR-ch (w)"]
[Site "Plovdiv BUL"]
[Date "2014.07.07"]
[Round "2.32"]
[White "Mammadova, Gulnar"]
[Black "Kaya, Emel"]
[Result "1-0"]
[WhiteElo "2331"]
[BlackElo "1987"]
[EventDate "2014.07.06"]
[PlyCount "61"]

1.e4 e5 2.Nf3 Nc6 3.d4 exd4 4.Nxd4 Bc5 5.Be3 Qf6 6.c3 Bb6 7.Be2 Nge7 8.O-O
d5 9.Nb5 a6 10.Bxb6 axb5 11.Bxc7 dxe4 12.Bxb5 O-O 13.Nd2 Qg5 14.Bc4 e3 15.
fxe3 Qxe3+ 16.Kh1 Bf5 17.Qe1 Qxe1 18.Raxe1 Bg6 19.Nf3 Rfc8 20.Bd6 Nf5 21.
Bf4 Ra4 22.b4 h5 23.Rd1 Raa8 24.Bd5 Ra3 25.Bb3 Kf8 26.Bc1 Raa8 27.Ng5 f6 
28.Ne6+ Ke7 29.Nc5 Rc7 30.Bf4 Ne5 31.Rfe1 1-0

[Event "15th EUR-ch (w)"]
[Site "Plovdiv BUL"]
[Date "2014.07.07"]
[Round "2.33"]
[White "Vasilevich, Irina"]
[Black "Vovk, Oksana"]
[Result "1/2-1/2"]
[WhiteElo "2328"]
[BlackElo "2083"]
[EventDate "2014.07.06"]
[PlyCount "96"]

1.c4 e6 2.g3 d5 3.Bg2 Nf6 4.Nf3 Be7 5.O-O O-O 6.b3 Nbd7 7.Bb2 b6 8.d3 Bb7 
9.Nbd2 c5 10.Qc2 Qc7 11.cxd5 Nxd5 12.Rac1 Rac8 13.e4 Nb4 14.Qb1 Qb8 15.Nc4
Rfd8 16.Rfd1 Nc6 17.Qa1 Bf6 18.e5 Be7 19.a4 Nb4 20.Qb1 Qa8 21.Ne1 Nb8 22.
Be4 h6 23.Ba3 N8c6 24.Nf3 Rd7 25.Rd2 Rcd8 26.Bb2 Na5 27.Nxa5 bxa5 28.Rcd1 
Bxe4 29.dxe4 Rxd2 30.Rxd2 c4 31.bxc4 Qc6 32.Bd4 Qxc4 33.Bxa7 Rxd2 34.Nxd2 
Qc3 35.Be3 Qxe5 36.Nb3 Qc7 37.Qd1 Qc6 38.Nxa5 Qxe4 39.Nb3 Nd5 40.Bd4 Bb4 
41.a5 e5 42.Bc5 Nc3 43.Qd8+ Kh7 44.Bxb4 Qe1+ 45.Kg2 Qe4+ 46.Kg1 Qe1+ 47.
Kg2 Qe4+ 48.Kg1 Qe1+ 1/2-1/2

[Event "15th EUR-ch (w)"]
[Site "Plovdiv BUL"]
[Date "2014.07.07"]
[Round "2.36"]
[White "Olea, Liliana"]
[Black "Peptan, Corina-Isabela"]
[Result "0-1"]
[WhiteElo "1951"]
[BlackElo "2453"]
[EventDate "2014.07.06"]
[PlyCount "52"]

1.e4 c5 2.Nc3 Nc6 3.f4 g6 4.Nf3 Bg7 5.Bc4 e6 6.O-O Nge7 7.d3 d5 8.Bb3 dxe4
9.dxe4 Qxd1 10.Rxd1 Bxc3 11.bxc3 b6 12.Be3 Ba6 13.Nd2 Na5 14.c4 O-O-O 15.
Bf2 h6 16.Bh4 g5 17.fxg5 Ng6 18.g3 Bb7 19.Kf2 hxg5 20.Bxg5 f6 21.Be3 Rxh2+
22.Kg1 Rdh8 23.Bf2 Ne5 24.Kf1 Rd8 25.Kg1 Ng4 26.Be1 Rdh8 0-1

[Event "15th EUR-ch (w)"]
[Site "Plovdiv BUL"]
[Date "2014.07.07"]
[Round "2.37"]
[White "Paramzina, Anastasia"]
[Black "Skripchenko, Almira"]
[Result "0-1"]
[WhiteElo "2117"]
[BlackElo "2449"]
[EventDate "2014.07.06"]
[PlyCount "100"]

1.e4 c5 2.Nf3 Nc6 3.d4 cxd4 4.Nxd4 e5 5.Nb5 d6 6.c4 Be7 7.N1c3 a6 8.Na3 f5
9.Bd3 f4 10.g3 Nf6 11.gxf4 exf4 12.Bxf4 O-O 13.Bg3 Bh3 14.Nc2 Ng4 15.f4 h5
16.Be2 g6 17.Qd5+ Kg7 18.O-O-O h4 19.Be1 Rxf4 20.Qd3 Bg2 21.Rg1 Nge5 22.
Qd2 h3 23.Kb1 Rf7 24.Nd5 Bxe4 25.Ka1 Bg2 26.Nf4 Qb6 27.Bg3 Bf6 28.Ne3 Nb4 
29.Bf2 Qa5 30.a3 Nec6 31.Kb1 Be4+ 32.Nd3 Nxd3 33.Bxd3 Qxd2 34.Rxd2 Bxd3+ 
35.Rxd3 Be5 36.Bg3 Rf3 37.Bxe5+ Nxe5 38.Rb3 b5 39.cxb5 axb5 40.Ka2 b4 41.
Nd5 bxa3 42.bxa3 Rf2+ 43.Kb1 Rxh2 44.Nf4 Rh8 45.a4 Rh4 46.Rb4 Kh6 47.Rf1 
g5 48.Nd5 Rxb4+ 49.Nxb4 Nc4 50.Ka1 Rg2 0-1

[Event "15th EUR-ch (w)"]
[Site "Plovdiv BUL"]
[Date "2014.07.07"]
[Round "2.38"]
[White "Sargsian, Shushanna"]
[Black "Bodnaruk, Anastasia"]
[Result "0-1"]
[WhiteElo "2107"]
[BlackElo "2429"]
[EventDate "2014.07.06"]
[PlyCount "96"]

1.d4 d6 2.Nf3 Nf6 3.Bf4 g6 4.e3 Bg7 5.h3 O-O 6.Be2 Nfd7 7.O-O e5 8.Bh2 Nc6
9.c3 h6 10.Nbd2 f5 11.d5 Ne7 12.c4 a5 13.Rb1 c6 14.dxc6 bxc6 15.Nb3 a4 16.
Na1 Nc5 17.b4 Ne4 18.Qc2 g5 19.Nd2 Nxd2 20.Qxd2 f4 21.exf4 gxf4 22.Rbd1 
Nf5 23.Bf3 Bd7 24.Nc2 Qg5 25.Kh1 Kh8 26.Be4 Rad8 27.Rg1 d5 28.cxd5 Nd6 29.
Bf3 e4 30.Bg4 Bxg4 31.hxg4 e3 32.fxe3 Ne4 33.exf4 Qh4 34.g3 Qxg4 35.Qg2 
cxd5 36.Ne3 Qe6 37.Rd3 d4 38.Nc2 Qxa2 39.Qxe4 Qxc2 40.Rxd4 Qb3 41.Rxd8 
Rxd8 42.g4 a3 43.g5 Qd5 44.Qxd5 Rxd5 45.gxh6 Bd4 46.Rg2 Bb2 47.b5 a2 48.
Rg1 Rxb5 0-1

[Event "15th EUR-ch (w)"]
[Site "Plovdiv BUL"]
[Date "2014.07.07"]
[Round "2.39"]
[White "Yordanova, Svetla"]
[Black "Daulyte, Deimante"]
[Result "1/2-1/2"]
[WhiteElo "2101"]
[BlackElo "2405"]
[EventDate "2014.07.06"]
[PlyCount "73"]

1.d4 Nf6 2.c4 e6 3.Nc3 Bb4 4.e3 b6 5.Bd3 Bb7 6.Nf3 O-O 7.O-O Bxc3 8.bxc3 
Ne4 9.Qc2 f5 10.Nd2 Qh4 11.f3 Ng5 12.d5 Na6 13.f4 Nf7 14.Nf3 Qe7 15.Kh1 
Nc5 16.Ba3 Nd6 17.Nd4 g6 18.Nb3 Nxd3 19.Qxd3 Ba6 20.Rfd1 e5 21.Nd2 e4 22.
Qc2 Qg7 23.Qa4 Bb7 24.Qb3 Rfb8 25.Rab1 a5 26.Bxd6 cxd6 27.Qxb6 Ba6 28.Qxd6
Rxb1 29.Rxb1 Qxc3 30.Qxd7 Qxd2 31.Qe6+ Kg7 32.Qe7+ Kh6 33.Qg5+ Kg7 34.Qe7+
Kh6 35.Qg5+ Kg7 36.Qe7+ Kh6 37.Qg5+ 1/2-1/2

[Event "15th EUR-ch (w)"]
[Site "Plovdiv BUL"]
[Date "2014.07.07"]
[Round "2.40"]
[White "Mareckova, Martina"]
[Black "Shadrina, Tatiana"]
[Result "0-1"]
[WhiteElo "2094"]
[BlackElo "2348"]
[EventDate "2014.07.06"]
[PlyCount "94"]

1.e4 e5 2.Nf3 Nc6 3.Bc4 Nf6 4.d3 Bc5 5.Nbd2 O-O 6.O-O h6 7.c3 d6 8.Bb3 a6 
9.Re1 Ba7 10.h3 Nh5 11.Nf1 Qf6 12.Be3 Nf4 13.Bxf4 Qxf4 14.Ne3 Qf6 15.Nd5 
Qd8 16.Nh2 Ne7 17.Qh5 Nxd5 18.Bxd5 c6 19.Bb3 Kh7 20.Qe2 f5 21.exf5 Bxf5 
22.Rf1 Qg5 23.Kh1 Rae8 24.Rae1 d5 25.Bc2 Bb8 26.Nf3 Qf6 27.Ng1 Qd6 28.g3 
Kg8 29.Kg2 Re6 30.Qd2 Ref6 31.Re2 Bg6 32.Qe3 d4 33.Qd2 Bh5 34.Re4 dxc3 35.
bxc3 Ba7 36.d4 exd4 37.cxd4 Kh8 38.Rh4 Bf7 39.Ne2 Qd5+ 40.Kg1 Qxa2 41.Nc3 
Qa5 42.Bd3 c5 43.Ne4 Qxd2 44.Nxd2 cxd4 45.Ne4 Rf3 46.Be2 Rb3 47.Nd6 d3 0-1

[Event "15th EUR-ch (w)"]
[Site "Plovdiv BUL"]
[Date "2014.07.07"]
[Round "2.41"]
[White "Sazonova, Anastasia"]
[Black "Ptacnikova, Lenka"]
[Result "1/2-1/2"]
[WhiteElo "2082"]
[BlackElo "2310"]
[EventDate "2014.07.06"]
[PlyCount "101"]

1.e4 g6 2.d4 Bg7 3.Nc3 c6 4.g3 d5 5.e5 Bf5 6.Bg2 Na6 7.a3 Qd7 8.h3 h5 9.
Nf3 Nh6 10.Bf4 Nc7 11.Qd2 Ne6 12.Be3 f6 13.exf6 exf6 14.Nh4 g5 15.Nxf5 
Nxf5 16.O-O-O O-O-O 17.Kb1 Nxe3 18.Qxe3 f5 19.Ne2 Rde8 20.Qd3 Rhf8 21.h4 
g4 22.f4 Nc7 23.Nc1 Qe6 24.Nb3 Qe2 25.Bf1 Qf2 26.Rd2 Re1+ 27.Ka2 Qe3 28.
Qxe3 Rxe3 29.Rg1 Re1 30.Re2 Re8 31.Reg2 Nb5 32.Bxb5 cxb5 33.Rxe1 Rxe1 34.
c3 b6 35.Na1 Kd7 36.Nc2 Re8 37.Kb1 a5 38.Kc1 Bf8 39.Kd2 Re4 40.Re2 Rxe2+ 
41.Kxe2 Ke6 42.b4 a4 43.Ne1 Bg7 44.Nd3 Kd6 45.Ke3 Bf8 46.Nf2 Ke6 47.Nd1 
Kd6 48.Kd2 Bg7 49.Ne3 Ke6 50.Kd3 Bf6 51.Ng2 1/2-1/2

[Event "15th EUR-ch (w)"]
[Site "Plovdiv BUL"]
[Date "2014.07.07"]
[Round "2.43"]
[White "Amrayeva, Aytan"]
[Black "Manakova, Maria"]
[Result "1/2-1/2"]
[WhiteElo "2065"]
[BlackElo "2273"]
[EventDate "2014.07.06"]
[PlyCount "98"]

1.c4 Nf6 2.Nc3 d5 3.cxd5 Nxd5 4.g3 g6 5.Bg2 Nxc3 6.bxc3 Bg7 7.d4 O-O 8.Nf3
c5 9.O-O Nc6 10.e3 Qc7 11.Ba3 b6 12.Qe2 Bb7 13.dxc5 Na5 14.Rfd1 bxc5 15.
Qb5 Rfc8 16.Rac1 Qb6 17.c4 Ba6 18.Qa4 Rab8 19.Nd2 Rd8 20.Ne4 Rxd1+ 21.Rxd1
Nxc4 22.Bxc5 Bb5 23.Qxa7 Qxa7 24.Bxa7 Rc8 25.h4 h6 26.Rb1 Bc6 27.Rc1 Ne5 
28.Bd4 f5 29.Bxe5 Bxe5 30.Nf6+ Kf7 31.Ng4 fxg4 32.Rxc6 Rxc6 33.Bxc6 Ke6 
34.Kf1 Bc3 35.Ke2 Kf5 36.Be8 Kf6 37.a4 Ba5 38.Bd7 h5 39.Kd3 Be1 40.Ke2 Ba5
41.Kd3 Be1 42.Ke2 Ba5 43.e4 Bb6 44.Be8 Ba5 45.Bd7 Bb6 46.Bc6 Ke6 47.Be8 
Kf6 48.Bd7 Kf7 49.Bc6 Kf6 1/2-1/2

[Event "15th EUR-ch (w)"]
[Site "Plovdiv BUL"]
[Date "2014.07.07"]
[Round "2.44"]
[White "Foisor, Mihaela-Veronica"]
[Black "Shabanaj, Eglantina"]
[Result "0-1"]
[WhiteElo "2257"]
[BlackElo "2046"]
[EventDate "2014.07.06"]
[PlyCount "82"]

1.d4 Nf6 2.c4 g6 3.Nc3 d5 4.Bf4 Bg7 5.e3 O-O 6.Rc1 c6 7.h3 Qa5 8.Nf3 Be6 
9.Ng5 Bf5 10.Qb3 h6 11.Nf3 dxc4 12.Qxb7 Nbd7 13.Bxc4 Nb6 14.Ne5 Nxc4 15.
Nxc4 Qd8 16.Ne5 Bd7 17.O-O Qb6 18.Qxb6 axb6 19.b3 b5 20.a4 Be8 21.Bg3 Nd5 
22.axb5 Nxc3 23.Rxc3 cxb5 24.Rc7 Bxe5 25.Bxe5 f6 26.Bf4 g5 27.Bg3 Bf7 28.
Rxe7 Bxb3 29.Rc1 Bc4 30.e4 Rfe8 31.Rxe8+ Rxe8 32.f3 Kf7 33.h4 Rd8 34.d5 f5
35.Kf2 f4 36.Bh2 Ra8 37.Rc2 Ra2 38.Rxa2 Bxa2 39.g3 b4 40.Ke1 b3 41.Kd2 b2 
0-1

[Event "15th EUR-ch (w)"]
[Site "Plovdiv BUL"]
[Date "2014.07.07"]
[Round "2.45"]
[White "Dragomirescu, Angela"]
[Black "Ivanova, Simoneta"]
[Result "1-0"]
[WhiteElo "2251"]
[BlackElo "2038"]
[EventDate "2014.07.06"]
[PlyCount "91"]

1.d4 Nf6 2.c4 e6 3.Nc3 Bb4 4.e3 c5 5.Ne2 cxd4 6.exd4 O-O 7.a3 Be7 8.Nf4 d6
9.Be2 e5 10.Nfd5 Nc6 11.Nxe7+ Qxe7 12.Be3 exd4 13.Bxd4 Ne4 14.Nd5 Qg5 15.
O-O Bh3 16.Bf3 Nxd4 17.Bxe4 Nc6 18.f4 Qg4 19.Qd3 f5 20.Bf3 Qg6 21.Nc7 Rac8
22.Bd5+ Kh8 23.Ne6 Rf6 24.Qxh3 Rxe6 25.Bxe6 Qxe6 26.Qd3 Qf6 27.Rad1 Rd8 
28.b4 Ne7 29.Rfe1 h6 30.Qe3 Ng6 31.g3 Kh7 32.Qd3 Qf7 33.Qd5 Qf6 34.Re6 Qf8
35.Qxb7 a5 36.Qd5 axb4 37.axb4 Ra8 38.Qxd6 Qf7 39.b5 Nf8 40.Re7 Qh5 41.Qd4
Qg4 42.Ra1 Rxa1+ 43.Qxa1 Qg6 44.c5 Ne6 45.Qa6 Qf6 46.Qxe6 1-0

[Event "15th EUR-ch (w)"]
[Site "Plovdiv BUL"]
[Date "2014.07.07"]
[Round "2.46"]
[White "Stetsko, Lanita"]
[Black "Bokuchava, Madona"]
[Result "1-0"]
[WhiteElo "2245"]
[BlackElo "2027"]
[EventDate "2014.07.06"]
[PlyCount "135"]

1.e4 g6 2.d4 Bg7 3.Nc3 d6 4.Be3 a6 5.f3 b5 6.Qd2 Bb7 7.Bd3 Nd7 8.a4 c6 9.
Nge2 Ngf6 10.O-O O-O 11.Nd1 e5 12.c3 Qc7 13.Nf2 d5 14.Bh6 Rfe8 15.Qg5 Bxh6
16.Qxh6 Qd6 17.exd5 Nxd5 18.Ne4 Qf8 19.Qxf8+ Rxf8 20.Nd6 Rfb8 21.Nxb7 Rxb7
22.axb5 cxb5 23.Be4 N7f6 24.dxe5 Nxe4 25.fxe4 Ne3 26.Rf6 a5 27.e6 Nc4 28.
Nd4 fxe6 29.Nxe6 Rf7 30.Rxf7 Kxf7 31.Nc7 Rc8 32.Nxb5 Rb8 33.b3 Rxb5 34.
bxc4 Rc5 35.Ra4 Re5 36.Kf2 Rxe4 37.Rxa5 Rxc4 38.Ra3 Ke6 39.Ke3 h5 40.Kd3 
Rg4 41.Ra2 Kd5 42.Rf2 h4 43.Ke3 Rc4 44.Rd2+ Ke5 45.Kd3 Kd5 46.h3 Ra4 47.
Rb2 Ke5 48.Rb4 Ra2 49.Re4+ Kf5 50.Re2 Ra8 51.c4 Rd8+ 52.Kc3 Rc8 53.Kb4 
Rb8+ 54.Kc5 Rc8+ 55.Kb5 Rb8+ 56.Ka6 Rc8 57.Rc2 Ke4 58.Kb7 Rc5 59.Kb6 Rc8 
60.c5 g5 61.c6 Rb8+ 62.Ka7 Rc8 63.Kb7 Rf8 64.c7 Rf7 65.Kb8 Rf8+ 66.c8=Q 
Rxc8+ 67.Kxc8 Kf4 68.Kd7 1-0

[Event "15th EUR-ch (w)"]
[Site "Plovdiv BUL"]
[Date "2014.07.07"]
[Round "2.47"]
[White "Abdulla, Khayala"]
[Black "Sop, Selen"]
[Result "1-0"]
[WhiteElo "2233"]
[BlackElo "1970"]
[EventDate "2014.07.06"]
[PlyCount "73"]

1.e4 c5 2.Nf3 d6 3.d4 cxd4 4.Nxd4 Nf6 5.Nc3 a6 6.Be2 e5 7.Nb3 Be7 8.Be3 
Be6 9.O-O O-O 10.a4 d5 11.exd5 Nxd5 12.Nxd5 Bxd5 13.c4 Bc6 14.Qc2 a5 15.
Bd3 h6 16.f4 Nd7 17.fxe5 Nxe5 18.Bh7+ Kh8 19.Be4 Ng4 20.Bd4 Qc7 21.g3 Nf6 
22.Bxc6 Qxc6 23.Rae1 Bb4 24.Rxf6 gxf6 25.Qf5 Ra6 26.Rf1 Re8 27.Qh5 Re1 28.
Rxe1 Bxe1 29.Qxf7 Qe6 30.Qg6 Qe7 31.Qxh6+ Kg8 32.Qg6+ Kh8 33.Bc5 Qd8 34.
Qh5+ Kg7 35.Nd4 Qc8 36.Nf5+ Kg8 37.Qg6+ 1-0

[Event "15th EUR-ch (w)"]
[Site "Plovdiv BUL"]
[Date "2014.07.07"]
[Round "2.48"]
[White "Azimova, Karina"]
[Black "Havlikova, Kristyna"]
[Result "1/2-1/2"]
[WhiteElo "2033"]
[BlackElo "2229"]
[EventDate "2014.07.06"]
[PlyCount "95"]

1.e4 c5 2.c3 Nf6 3.e5 Nd5 4.Nf3 Nc6 5.Na3 g6 6.Bc4 Nb6 7.d3 Bg7 8.Bf4 O-O 
9.O-O d6 10.exd6 e5 11.Be3 Qxd6 12.Ng5 Nxc4 13.dxc4 Qxd1 14.Raxd1 b6 15.
Nb5 Bf5 16.Nc7 Rad8 17.Nd5 h6 18.Nf3 Kh7 19.h3 Be4 20.Nh2 Na5 21.b3 f5 22.
f3 Bxd5 23.cxd5 c4 24.bxc4 Nxc4 25.Bf2 Rd7 26.g4 Bf6 27.f4 exf4 28.Bd4 Ne3
29.Bxe3 fxe3 30.Rd3 e2 31.Re1 Re8 32.Nf3 fxg4 33.hxg4 Re4 34.Kf2 Rxg4 35.
Rxe2 h5 36.Ne5 Rf4+ 37.Kg3 Bxe5 38.Rxe5 Rc4 39.d6 Kh6 40.Re6 Rc5 41.Kf4 
Kg7 42.Rg3 Rf7+ 43.Ke4 g5 44.Rd3 Rc4+ 45.Kd5 Rc5+ 46.Ke4 Rc6 47.Kd5 Rc5+ 
48.Ke4 1/2-1/2

[Event "15th EUR-ch (w)"]
[Site "Plovdiv BUL"]
[Date "2014.07.07"]
[Round "2.49"]
[White "Dordzhieva, Dinara"]
[Black "Radeva, Viktoria"]
[Result "0-1"]
[WhiteElo "2225"]
[BlackElo "1937"]
[EventDate "2014.07.06"]
[PlyCount "78"]

1.d4 Nf6 2.c4 g6 3.g3 Bg7 4.Bg2 O-O 5.Nc3 d6 6.Nf3 Nc6 7.O-O a6 8.Qd3 e5 
9.dxe5 dxe5 10.Qxd8 Rxd8 11.Bg5 Re8 12.Rad1 Bf5 13.h3 h6 14.Be3 Rad8 15.b3
g5 16.g4 Bg6 17.Nd2 e4 18.Ndb1 Bf8 19.Rfe1 Bd6 20.Rd2 Bf4 21.Red1 Rxd2 22.
Rxd2 Ne5 23.Rd4 Nc6 24.Rd1 Bxe3 25.fxe3 Kg7 26.Nd2 Rd8 27.Nf1 Rxd1 28.Nxd1
h5 29.Nf2 hxg4 30.hxg4 Ne5 31.Bh3 b5 32.c5 b4 33.Nd2 Ned7 34.c6 Nc5 35.Bg2
Kf8 36.Nh3 Nxg4 37.Nxg5 f5 38.Nc4 Kg7 39.Bh3 Kf6 0-1

[Event "15th EUR-ch (w)"]
[Site "Plovdiv BUL"]
[Date "2014.07.07"]
[Round "2.50"]
[White "Mammadova, Narmin"]
[Black "Agrest, Inna"]
[Result "1/2-1/2"]
[WhiteElo "2019"]
[BlackElo "2223"]
[EventDate "2014.07.06"]
[PlyCount "124"]

1.e4 e5 2.Nf3 Nc6 3.Nc3 Nf6 4.d4 exd4 5.Nxd4 Bb4 6.Nxc6 bxc6 7.Bd3 d5 8.
exd5 cxd5 9.O-O O-O 10.h3 c6 11.Qf3 Bd6 12.Bf4 Rb8 13.b3 Rb4 14.Ne2 c5 15.
c3 Rb6 16.Rad1 Bb7 17.Bxd6 Qxd6 18.Nf4 Re8 19.Qg3 Re5 20.Rfe1 h6 21.Rxe5 
Qxe5 22.Nxd5 Qxg3 23.Nxf6+ Rxf6 24.fxg3 g6 25.Bc4 Bc6 26.Rd8+ Kg7 27.Rc8 
a5 28.a4 h5 29.Rc7 Be4 30.Rxc5 Rd6 31.Be2 Bc2 32.Rb5 Rd2 33.Kf1 Be4 34.
Rxa5 Rc2 35.Rc5 Rc1+ 36.Kf2 Bc2 37.Rb5 Be4 38.c4 Rc2 39.Ke3 Bxg2 40.Kd3 
Ra2 41.a5 f5 42.h4 Bc6 43.Rc5 Be4+ 44.Ke3 Rc2 45.Rb5 Rc3+ 46.Kf2 Rc2 47.a6
Ra2 48.Rb6 Bd3 49.Re6 Kf7 50.Re3 Bxe2 51.Rxe2 Rxa6 52.Re5 Kf6 53.Rb5 Ke6 
54.Kf3 Rd6 55.Ke3 Rc6 56.Kf4 Rd6 57.Ke3 Ra6 58.Kf4 Rd6 59.Rb8 Rd4+ 60.Ke3 
Rg4 61.Rb6+ Ke5 62.Rb5+ Ke6 1/2-1/2

[Event "15th EUR-ch (w)"]
[Site "Plovdiv BUL"]
[Date "2014.07.07"]
[Round "2.51"]
[White "Belenkaya, Dina"]
[Black "Salimova, Nurgyul"]
[Result "1-0"]
[WhiteElo "2223"]
[BlackElo "1908"]
[EventDate "2014.07.06"]
[PlyCount "119"]

1.e4 c6 2.d4 d5 3.exd5 cxd5 4.Bd3 Nc6 5.c3 Nf6 6.h3 g6 7.Nf3 Bg7 8.Bf4 O-O
9.O-O Bf5 10.Bxf5 gxf5 11.Nbd2 e6 12.Ne5 Ne4 13.Nd3 Qh4 14.Kh2 Bh6 15.g3 
Qf6 16.f3 Nxd2 17.Qxd2 Bxf4 18.Qxf4 Ne7 19.Rf2 Ng6 20.Qc7 b6 21.f4 Qe7 22.
Qxe7 Nxe7 23.g4 fxg4 24.hxg4 Nc8 25.Re2 Nd6 26.Re5 Rae8 27.Rae1 Ne4 28.f5 
Ng5 29.Kg2 Ne4 30.Nf4 h6 31.c4 Nd6 32.cxd5 exf5 33.gxf5 Rc8 34.f6 Kh7 35.
Kf3 Ne8 36.Rf5 Nd6 37.Rh5 Ne8 38.Re7 Nxf6 39.Rf5 Kg7 40.Rxa7 Rfe8 41.Rb7 
Rc1 42.Rxb6 Rf1+ 43.Kg2 Rxf4 44.Rxf4 Nxd5 45.Rg4+ Kh7 46.Rb3 Ne3+ 47.Rxe3 
Rxe3 48.Kf2 Re6 49.Kf3 Rb6 50.Rg2 h5 51.d5 Kh6 52.Rd2 Rd6 53.a4 Kg5 54.b4 
Kf5 55.a5 h4 56.b5 Rd8 57.a6 Ra8 58.Rb2 h3 59.Kg3 Ke5 60.b6 1-0

[Event "15th EUR-ch (w)"]
[Site "Plovdiv BUL"]
[Date "2014.07.07"]
[Round "2.52"]
[White "Vasova, Maria"]
[Black "Stiazhkina, Anna"]
[Result "0-1"]
[WhiteElo "1991"]
[BlackElo "2220"]
[EventDate "2014.07.06"]
[PlyCount "86"]

1.e4 e5 2.Nf3 Nc6 3.Bc4 Bc5 4.c3 Nf6 5.d4 exd4 6.e5 d5 7.Bb5 Ne4 8.cxd4 
Bb6 9.O-O Bg4 10.Nc3 O-O 11.Be3 f6 12.exf6 Nxf6 13.Be2 Qd6 14.Na4 Rae8 15.
Nxb6 axb6 16.Re1 Ne4 17.Nd2 Bxe2 18.Rxe2 Nf6 19.Re1 Ne7 20.Nf3 Ng6 21.Rc1 
c6 22.Qb3 Nh5 23.Bd2 Ngf4 24.Ne5 c5 25.Kh1 Ne6 26.Nf3 Nf6 27.Be3 cxd4 28.
Nxd4 Ng4 29.g3 Nc5 30.Nb5 Nxb3 31.Nxd6 Nxc1 32.Rxc1 Re6 33.Nb5 Nxe3 34.
fxe3 Rxe3 35.Kg1 Re2 36.Nc3 Rd2 37.Re1 Rc8 38.Nb5 h6 39.Nd6 Rd8 40.Nf5 Rd7
41.b3 d4 42.Re6 Rxa2 43.Rxb6 d3 0-1

[Event "15th EUR-ch (w)"]
[Site "Plovdiv BUL"]
[Date "2014.07.07"]
[Round "2.53"]
[White "Antova, Gabriela"]
[Black "Pavlidou, Ekaterini"]
[Result "1/2-1/2"]
[WhiteElo "1876"]
[BlackElo "2209"]
[EventDate "2014.07.06"]
[PlyCount "91"]

1.d4 f5 2.c4 Nf6 3.g3 g6 4.Bg2 Bg7 5.Nh3 O-O 6.O-O d6 7.d5 c6 8.Nc3 Bd7 9.
Nf4 Na6 10.Re1 Nc5 11.Be3 Nce4 12.Nxe4 Nxe4 13.Bd4 Bxd4 14.Qxd4 Qb6 15.
Qxb6 axb6 16.a3 Nd2 17.e4 fxe4 18.Bxe4 Nxc4 19.Rac1 Ne5 20.Ng2 Rac8 21.f4 
Ng4 22.Bf3 Rfe8 23.Re2 Kf8 24.Ne3 Nxe3 25.Rxe3 cxd5 26.Rxc8 Rxc8 27.Bxd5 
Rc1+ 28.Kf2 Bc6 29.Bf3 Rc2+ 30.Re2 Rxe2+ 31.Bxe2 e5 32.fxe5 dxe5 33.Ke3 
Ke7 34.Bd3 Kf6 35.h4 h6 36.Bc2 g5 37.hxg5+ hxg5 38.Bd1 Kf5 39.Be2 Ke6 40.
Bd3 Kd6 41.Be2 Ke6 42.Bd3 Kf6 43.Bc2 Ke6 44.Bd1 Kf5 45.Be2 Bg2 46.Bd1 
1/2-1/2

[Event "15th EUR-ch (w)"]
[Site "Plovdiv BUL"]
[Date "2014.07.07"]
[Round "2.54"]
[White "Shivacheva, Donika"]
[Black "Khalafova, Narmin"]
[Result "0-1"]
[WhiteElo "1790"]
[BlackElo "2191"]
[EventDate "2014.07.06"]
[PlyCount "58"]

1.e4 c5 2.Nc3 d6 3.f4 g6 4.Nf3 Bg7 5.Bc4 Nc6 6.d3 e6 7.O-O Nge7 8.Qe1 O-O 
9.a3 Nd4 10.Nxd4 cxd4 11.Ne2 d5 12.Ba2 dxe4 13.dxe4 b5 14.Rf3 Bb7 15.Ng3 
Rc8 16.Qe2 Qb6 17.Kh1 h5 18.Rb3 Qc6 19.f5 exf5 20.exf5 h4 21.Bg5 Rfe8 22.
Qf1 hxg3 23.f6 Nf5 24.fxg7 Kxg7 25.Kg1 d3 26.Rxd3 Qb6+ 27.Kh1 Rxc2 28.Rd2 
Rxd2 29.Bxd2 Rh8 0-1

[Event "15th EUR-ch (w)"]
[Site "Plovdiv BUL"]
[Date "2014.07.07"]
[Round "2.55"]
[White "Stiazhkina, Olga"]
[Black "Vasileva, Cveta"]
[Result "1-0"]
[WhiteElo "2177"]
[BlackElo "1598"]
[EventDate "2014.07.06"]
[PlyCount "55"]

1.e4 e5 2.Nf3 Nc6 3.Bc4 Bc5 4.c3 d6 5.d3 h6 6.Nbd2 Nf6 7.Nf1 a6 8.Bb3 b5 
9.Ng3 Ne7 10.O-O O-O 11.d4 exd4 12.cxd4 Bb6 13.h3 Bd7 14.Be3 c6 15.Qd3 Kh8
16.Nh4 Qc8 17.e5 Ne8 18.Bc2 f5 19.exf6 Nxf6 20.Nh5 Rf7 21.Nxf6 gxf6 22.
Bxh6 Qg8 23.Rfe1 Qh7 24.Qxh7+ Rxh7 25.Bxh7 Kxh7 26.Rxe7+ Kxh6 27.Rxd7 Bxd4
28.Nf5+ 1-0

[Event "15th EUR-ch (w)"]
[Site "Plovdiv BUL"]
[Date "2014.07.07"]
[Round "2.56"]
[White "Balimezova, Margarita"]
[Black "Petrukhina, Irina"]
[Result "0-1"]
[WhiteElo "1631"]
[BlackElo "2156"]
[EventDate "2014.07.06"]
[PlyCount "72"]

1.d4 Nf6 2.Nf3 g6 3.e3 Bg7 4.Nbd2 c5 5.b3 d5 6.Bb2 cxd4 7.exd4 Nc6 8.Bd3 
O-O 9.O-O Nb4 10.Be2 Bf5 11.c4 Rc8 12.a3 Nd3 13.Bc3 dxc4 14.bxc4 Nd5 15.
Qb3 N5f4 16.Bxd3 Bxd3 17.Rfe1 Ne2+ 18.Kh1 Nxc3 19.Qxc3 Bxc4 20.Nxc4 b5 21.
Qb4 bxc4 22.Qxe7 Bxd4 23.Qxd8 Rfxd8 24.Nxd4 Rxd4 25.Re2 Kf8 26.Kg1 Re8 27.
Kf1 Rxe2 28.Kxe2 Ke7 29.Rc1 Kd6 30.Rc3 Kc5 31.Rf3 f5 32.Rh3 Rd7 33.Rc3 Kd4
34.Rh3 Rb7 35.Rh4+ Kc3 36.Rh3+ Kb2 0-1